000 00642nam a2200217 u 4500
005 20240924071256.0
008 121018s2012 r 000 0 eng d
020 _a9786074005974
035 _aUPN01000187711
049 _aI
050 4 _aPZ78
_bL5.2
245 0 3 _aEl libro inquieto /
_ced. Verlag Friedrich Oetinger.
260 _aMéxico :
_bOcéano,
_c2012.
300 _a[74] p. :
_bprincipalmente il. col.
440 4 _aLos krickelkrakels
534 _pTítulo original:
_tDas bewegte Buch
650 7 _aLibros ilustrados para niños
_2
_921365
650 4 _aLiteratura infantil
_94445
905 _aInfantil
999 _c159814
_d159814